000 00742nam a2200229 a 4500
999 _c1349
_d1349
001 1349
003 BD-JhCC
005 20200212134008.0
008 171018s1995 bg | ||| |||| 00| 0 ben d
020 _a9841801418
035 _a(BD-JhCC)1349
040 _aBD-JhCC
_dBD-JhCC
041 _aben
082 _a294.5923
_bROY 1995
100 _aরায়চৌধুরী, উপেন্দ্রকিশোর
245 _aছেলেদের মহাভারত /
_cউপেন্দ্রকিশোর রায়চৌধুরী
260 _aঢাকা :
_bবিশ্বসাহিত্য কেন্দ্র,
300 _a214 . p :
_c21 cm.
650 _aMahabharat
942 _2ddc
_cBK
_04